A History of The Modern Church from 1500 to the Present days (Record no. 347)

MARC details
000 -LEADER
fixed length control field 00368nam a22001217a 4500
005 - DATE AND TIME OF LATEST TRANSACTION
control field 20200812150539.0
008 - FIXED-LENGTH DATA ELEMENTS--GENERAL INFORMATION
fixed length control field 200812b ||||| |||| 00| 0 eng d
020 ## - INTERNATIONAL STANDARD BOOK NUMBER
International Standard Book Number 5990
040 ## - CATALOGING SOURCE
Transcribing agency CML
245 ## - TITLE STATEMENT
Title A History of The Modern Church from 1500 to the Present days
Statement of responsibility, etc. Wand, J.W.C.
260 ## - PUBLICATION, DISTRIBUTION, ETC.
Place of publication, distribution, etc. London
Name of publisher, distributor, etc. Methuen & CO Ltd
Date of publication, distribution, etc. 1930
942 ## - ADDED ENTRY ELEMENTS (KOHA)
Source of classification or shelving scheme Dewey Decimal Classification
Koha item type Books
Classification part 270
Call number suffix WAN
Holdings
Withdrawn status Lost status Source of classification or shelving scheme Damaged status Not for loan Collection code Home library Current library Shelving location Date acquired Total Checkouts Full call number Date last seen Price effective from Koha item type
    Dewey Decimal Classification     Religion Chalimbana Main Library Chalimbana Main Library Religion 08/12/2020   270 WAN 08/12/2020 08/12/2020 Books

Powered by Koha